00697nam a2200253 a 4500001001500000003000700015005001800022008004100040020000500081022000500086040001000091082000800101245004100109250001200150260003000162300001300192500000600205100002200211700000700233942000700240653008700247952009200334999001700426adlib96000001 ViArRB200902210153555.7960221s1955 dcuabcdjdbkoqu001 0deng d a a aAdlib a547 aRodd's chemistry of carbon compounds a2nd ed. aAmsterdambElsevierc1978 aV.1D-1c a  aRodd, E Heed. by aa cBK aPhysical organic chemistryaOrganic chemistryaOrganic reactionsaCarbon compounds 00102udc4070aULbULd2010-06-16l0o547 ROD.1D-1p14801r2010-06-16w2010-06-16yBK c15508d15507